Statistics for Longest River in Every State

Click here to take the quiz!

General Stats

  • This quiz has been taken 81 times
    (52 since last reset)
  • The average score is 36 of 50

Answer Stats

StateRiver% Correct
AR | IL | KY | +5 othersMississippi
100%
IO | KS | MO | +4 othersMissouri
100%
IN | OH | PA | WVOhio
93%
AZ | CA | NV | UTColorado
89%
NJHudson
82%
CORio Grande
82%
NM | TXRio Grande
82%
OKArkansas
76%
AKYukon
73%
OR | WAColumbia
69%
DEDelaware
64%
ID | WYSnake
60%
CT | MA | NH | VTConnecticut
58%
ALTennessee
56%
NYSt. Lawrence
49%
SCSavannah
40%
MIGrand
29%
FL | GAChattahoochee
24%
MDSusquehanna
24%
MESaint John
22%
NC | VARoanoke
20%
RIBlackstone
13%
HIWailuku
13%

Score Distribution

Percentile by Number Answered

Percent of People with Each Score

Your Score History

You have not taken this quiz since the last reset